<?xml version="1.0" encoding="UTF-8"?>
<record
    xmlns:xsi="http://www.w3.org/2001/XMLSchema-instance"
    xsi:schemaLocation="http://www.loc.gov/MARC21/slim http://www.loc.gov/standards/marcxml/schema/MARC21slim.xsd"
    xmlns="http://www.loc.gov/MARC21/slim">

  <leader>01329nam a2200253Ia 4500</leader>
  <datafield tag="999" ind1=" " ind2=" ">
    <subfield code="c">36816</subfield>
    <subfield code="d">36816</subfield>
  </datafield>
  <controlfield tag="001">2759</controlfield>
  <controlfield tag="003">GE_BSU</controlfield>
  <controlfield tag="005">20190607183321.0</controlfield>
  <controlfield tag="008">181216s2010||||ge |||||||||||||| ||geo||</controlfield>
  <datafield tag="020" ind1=" " ind2=" ">
    <subfield code="a">9789941412264</subfield>
  </datafield>
  <datafield tag="040" ind1=" " ind2=" ">
    <subfield code="c">GE_BSU</subfield>
  </datafield>
  <datafield tag="041" ind1=" " ind2=" ">
    <subfield code="a">geo</subfield>
  </datafield>
  <datafield tag="080" ind1=" " ind2=" ">
    <subfield code="a">634.322(479.22):631.52(479.22) &#x10D1;&#x2013;96</subfield>
  </datafield>
  <datafield tag="100" ind1=" " ind2=" ">
    <subfield code="a">&#x10D1;&#x10E3;&#x10D9;&#x10D8;&#x10D0;, &#x10D6;&#x10E3;&#x10E0;&#x10D0;&#x10D1; </subfield>
    <subfield code="9">2287</subfield>
  </datafield>
  <datafield tag="245" ind1=" " ind2=" ">
    <subfield code="a">&#x10F0;&#x10D8;&#x10D1;&#x10E0;&#x10D8;&#x10D3;&#x10D8;&#x10D6;&#x10D0;&#x10EA;&#x10D8;&#x10D0;, &#x10DC;&#x10E3;&#x10EA;&#x10D4;&#x10DA;&#x10D0;&#x10E0;&#x10E3;&#x10DA;&#x10D8; &#x10E1;&#x10D4;&#x10DA;&#x10D4;&#x10E5;&#x10EA;&#x10D8;&#x10D0; &#x10D3;&#x10D0; &#x10DB;&#x10E3;&#x10E2;&#x10D0;&#x10EA;&#x10D8;&#x10D0; &#x10DB;&#x10D0;&#x10DC;&#x10D3;&#x10D0;&#x10E0;&#x10D8;&#x10DC;&#x10D8;&#x10E1; (Citrus Reticulata BI.) &#x10D6;&#x10DD;&#x10D2;&#x10D8;&#x10D4;&#x10E0;&#x10D7;&#x10D8; &#x10DC;&#x10D0;&#x10D2;&#x10D0;&#x10DA;&#x10D0; &#x10EF;&#x10D8;&#x10E8;&#x10D8;&#x10E1; &#x10E4;&#x10DD;&#x10E0;&#x10DB;&#x10D0;&#x10D7;&#x10EC;&#x10D0;&#x10E0;&#x10DB;&#x10DD;&#x10E8;&#x10DD;&#x10D1;&#x10D8;&#x10E1; &#x10DB;&#x10D0;&#x10E0;&#x10D7;&#x10D5;&#x10D0;&#x10E8;&#x10D8; :</subfield>
    <subfield code="b">&#x10DB;&#x10DD;&#x10DC;&#x10DD;&#x10D2;&#x10E0;&#x10D0;&#x10E4;&#x10D8;&#x10D0; /</subfield>
    <subfield code="c">&#x10D6;&#x10E3;&#x10E0;&#x10D0;&#x10D1; &#x10D1;&#x10E3;&#x10D9;&#x10D8;&#x10D0;, &#x10DC;&#x10DD;&#x10D3;&#x10D0;&#x10E0; &#x10D1;&#x10D4;&#x10E0;&#x10D8;&#x10EB;&#x10D4;. </subfield>
  </datafield>
  <datafield tag="264" ind1=" " ind2=" ">
    <subfield code="a">&#x10D1;&#x10D0;&#x10D7;&#x10E3;&#x10DB;&#x10D8; :</subfield>
    <subfield code="b">&#x10E8;&#x10DD;&#x10D7;&#x10D0; &#x10E0;&#x10E3;&#x10E1;&#x10D7;&#x10D0;&#x10D5;&#x10D4;&#x10DA;&#x10D8;&#x10E1; &#x10E1;&#x10D0;&#x10EE;&#x10D4;&#x10DA;&#x10DB;&#x10EC;. &#x10E3;&#x10DC;-&#x10E2;&#x10D8;,</subfield>
    <subfield code="c">2010 .</subfield>
  </datafield>
  <datafield tag="300" ind1=" " ind2=" ">
    <subfield code="a">311 &#x10D2;&#x10D5;. :</subfield>
    <subfield code="b"> &#x10E1;&#x10E3;&#x10E0;. ; </subfield>
    <subfield code="c">20 &#x10E1;&#x10DB;.</subfield>
  </datafield>
  <datafield tag="504" ind1=" " ind2=" ">
    <subfield code="a"> &#x10D1;&#x10D8;&#x10D1;&#x10DA;&#x10D8;&#x10DD;&#x10D2;&#x10E0;.: &#x10D2;&#x10D5;. 289-308. </subfield>
  </datafield>
  <datafield tag="520" ind1=" " ind2=" ">
    <subfield code="a">&#x10E0;&#x10D4;&#x10D6;. &#x10E5;&#x10D0;&#x10E0;&#x10D7;., &#x10E0;&#x10E3;&#x10E1;. &#x10D3;&#x10D0; &#x10D8;&#x10DC;&#x10D2;&#x10DA;.</subfield>
  </datafield>
  <datafield tag="653" ind1=" " ind2=" ">
    <subfield code="a">&#x10DB;&#x10D0;&#x10DC;&#x10D3;&#x10D0;&#x10E0;&#x10D8;&#x10DC;&#x10D8;&#x10E1; &#x10DB;&#x10E3;&#x10E2;&#x10D0;&#x10EA;&#x10D8;&#x10D0;</subfield>
  </datafield>
  <datafield tag="653" ind1=" " ind2=" ">
    <subfield code="a">&#x10F0;&#x10D8;&#x10D1;&#x10E0;&#x10D8;&#x10D3;&#x10D8;&#x10D6;&#x10D0;&#x10EA;&#x10D8;&#x10D0;</subfield>
  </datafield>
  <datafield tag="700" ind1=" " ind2=" ">
    <subfield code="a">&#x10D1;&#x10D4;&#x10E0;&#x10D8;&#x10EB;&#x10D4;, &#x10DC;. </subfield>
    <subfield code="e">&#x10D0;&#x10D5;&#x10E2;&#x10DD;&#x10E0;&#x10D8;</subfield>
    <subfield code="9">2288</subfield>
  </datafield>
  <datafield tag="942" ind1=" " ind2=" ">
    <subfield code="c">BK</subfield>
    <subfield code="2">udc</subfield>
  </datafield>
  <datafield tag="952" ind1=" " ind2=" ">
    <subfield code="0">0</subfield>
    <subfield code="1">0</subfield>
    <subfield code="2">udc</subfield>
    <subfield code="4">0</subfield>
    <subfield code="6">634322479226315247922_&#x10D1;96</subfield>
    <subfield code="7">0</subfield>
    <subfield code="9">35997</subfield>
    <subfield code="a">CPL</subfield>
    <subfield code="b">CPL</subfield>
    <subfield code="c">GEN</subfield>
    <subfield code="d">2018-12-17</subfield>
    <subfield code="g">8.00</subfield>
    <subfield code="o">634.322(479.22):631.52(479.22) &#x10D1;&#x2013;96</subfield>
    <subfield code="p">4693</subfield>
    <subfield code="r">2018-12-17</subfield>
    <subfield code="t">4693</subfield>
    <subfield code="w">2018-12-17</subfield>
    <subfield code="y">BK</subfield>
    <subfield code="z">8 &#x10DA;.</subfield>
  </datafield>
  <datafield tag="952" ind1=" " ind2=" ">
    <subfield code="0">0</subfield>
    <subfield code="1">0</subfield>
    <subfield code="2">udc</subfield>
    <subfield code="4">0</subfield>
    <subfield code="6">634322479226315247922_&#x10D1;96</subfield>
    <subfield code="7">0</subfield>
    <subfield code="9">35998</subfield>
    <subfield code="a">CPL</subfield>
    <subfield code="b">CPL</subfield>
    <subfield code="c">GEN</subfield>
    <subfield code="d">2018-12-17</subfield>
    <subfield code="g">8.00</subfield>
    <subfield code="o">634.322(479.22):631.52(479.22) &#x10D1;&#x2013;96</subfield>
    <subfield code="p">4694</subfield>
    <subfield code="r">2018-12-17</subfield>
    <subfield code="t">4694</subfield>
    <subfield code="w">2018-12-17</subfield>
    <subfield code="y">BK</subfield>
    <subfield code="z">8 &#x10DA;.</subfield>
  </datafield>
  <datafield tag="952" ind1=" " ind2=" ">
    <subfield code="0">0</subfield>
    <subfield code="1">0</subfield>
    <subfield code="2">udc</subfield>
    <subfield code="4">0</subfield>
    <subfield code="6">634322479226315247922_&#x10D1;96</subfield>
    <subfield code="7">0</subfield>
    <subfield code="9">35999</subfield>
    <subfield code="a">CPL</subfield>
    <subfield code="b">CPL</subfield>
    <subfield code="c">GEN</subfield>
    <subfield code="d">2018-12-17</subfield>
    <subfield code="g">8.00</subfield>
    <subfield code="o">634.322(479.22):631.52(479.22) &#x10D1;&#x2013;96</subfield>
    <subfield code="p">4695</subfield>
    <subfield code="r">2018-12-17</subfield>
    <subfield code="t">4695</subfield>
    <subfield code="w">2018-12-17</subfield>
    <subfield code="y">BK</subfield>
    <subfield code="z">8 &#x10DA;.</subfield>
  </datafield>
  <datafield tag="952" ind1=" " ind2=" ">
    <subfield code="0">0</subfield>
    <subfield code="1">0</subfield>
    <subfield code="2">udc</subfield>
    <subfield code="4">0</subfield>
    <subfield code="6">634322479226315247922_&#x10D1;96</subfield>
    <subfield code="7">0</subfield>
    <subfield code="9">36000</subfield>
    <subfield code="a">CPL</subfield>
    <subfield code="b">CPL</subfield>
    <subfield code="c">GEN</subfield>
    <subfield code="d">2018-12-17</subfield>
    <subfield code="g">8.00</subfield>
    <subfield code="o">634.322(479.22):631.52(479.22) &#x10D1;&#x2013;96</subfield>
    <subfield code="p">4696</subfield>
    <subfield code="r">2018-12-17</subfield>
    <subfield code="t">4696</subfield>
    <subfield code="w">2018-12-17</subfield>
    <subfield code="y">BK</subfield>
    <subfield code="z">8 &#x10DA;.</subfield>
  </datafield>
  <datafield tag="952" ind1=" " ind2=" ">
    <subfield code="0">0</subfield>
    <subfield code="1">0</subfield>
    <subfield code="2">udc</subfield>
    <subfield code="4">0</subfield>
    <subfield code="6">634322479226315247922_&#x10D1;96</subfield>
    <subfield code="7">0</subfield>
    <subfield code="9">36001</subfield>
    <subfield code="a">CPL</subfield>
    <subfield code="b">CPL</subfield>
    <subfield code="c">GEN</subfield>
    <subfield code="d">2018-12-17</subfield>
    <subfield code="g">8.00</subfield>
    <subfield code="o">634.322(479.22):631.52(479.22) &#x10D1;&#x2013;96</subfield>
    <subfield code="p">4697</subfield>
    <subfield code="r">2018-12-17</subfield>
    <subfield code="t">4697</subfield>
    <subfield code="w">2018-12-17</subfield>
    <subfield code="y">BK</subfield>
    <subfield code="z">8 &#x10DA;.</subfield>
  </datafield>
</record>
